Tuyển tập văn học dân gian Việt Nam
שמור ב:
| פורמט: | ספר |
|---|---|
| שפה: | Undetermined |
| יצא לאור: |
Hà Nội
Giáo Dục
1999
|
| נושאים: | |
| תגים: |
הוספת תג
אין תגיות, היה/י הראשונ/ה לתייג את הרשומה!
|
| Thư viện lưu trữ: | Trung tâm Học liệu Trường Đại học Cần Thơ |
|---|
| LEADER | 00609nam a2200181Ia 4500 | ||
|---|---|---|---|
| 001 | CTU_37043 | ||
| 008 | 210402s9999 xx 000 0 und d | ||
| 020 | |c 90000 | ||
| 082 | |a 398.209597 | ||
| 082 | |b T527/T.2-Q.1 | ||
| 245 | 0 | |a Tuyển tập văn học dân gian Việt Nam | |
| 245 | 0 | |c Phan Trọng Thưởng, Nguyễn Cừ ( biên soạn và tuyển chọn ) | |
| 260 | |a Hà Nội | ||
| 260 | |b Giáo Dục | ||
| 260 | |c 1999 | ||
| 650 | |a Folk literature, vietnamese | ||
| 904 | |i Minh, Qhieu đã sửa trong CSDL | ||
| 980 | |a Trung tâm Học liệu Trường Đại học Cần Thơ | ||